000 00300nam a22001337a 4500
008 170710b xxu||||| |||| 00| 0 eng d
020 _a072161373X
041 _aeng
080 _a61
100 _a4
101 _aSHM
245 _aTHE MOLECULAR BASIS OF BLOOD DISEASES
_cNIENHUIS
942 _2udc
_cBK
999 _c20131
_d20131